Statistics for Movies that Start with N

Click here to take the quiz!

General Stats

  • This quiz has been taken 21,466 times
    (6,662 since last reset)
  • The average score is 9 of 18

Answer Stats

Description Movie % Correct
Museum exhibits come to life after darkNight at the Museum
96%
Burned child murderer returns from death to haunt your dreamsNightmare on Elm Street, a
73%
To find Masonic treasure, a professor must decipher clues on the
Declaration of Independence and the $100 bill
National Treasure
65%
A book store owner woos a Hollywood superstar in this movie named for
a posh London neighborhood
Notting Hill
64%
Mexican orphanage employee wants to become a professional wrestlerNacho Libre
60%
Residents of Halloween town perform the customary duties of Christmas townNightmare Before
Christmas, the
56%
Boy uses his imagination to ride a luckdragon and save Fantasia from the nothingNeverending Story, the
54%
Elderly man reads a book to his senile wife that tells the story of how they fell in loveNotebook, the
51%
It's like Lethal Weapon, but funny, and has O.J. Simpson in itNaked Gun, the
49%
This 1922 German movie was an unauthorized adaptation of "Dracula"Nosferatu
48%
People hide in a rural farm house to avoid shambling zombiesNight of the Living Dead
46%
Man finds money in rural Texas but is hunted down by a killer with a weird air gunNo Country for Old Men
44%
Nerdy chemistry teacher invents a serum that changes him into a suave womanizerNutty Professor, the
43%
Llama-owning weirdo has a brother who is training to be a cage fighterNapoleon Dynamite
38%
Man is framed for drunk driving and pursued by a crop duster before
having a showdown at Mount Rushmore
North by Northwest
36%
Nerdy man is abused by his obese wife, RasputiaNorbit
30%
This 2011 movie was remarkably similar to "Friends with Benefits"
which came out the same year
No Strings Attached
29%
Unstable news anchor earns higher ratings by being "mad as hell" on airNetwork
27%

Score Distribution

Percentile by Number Answered

Percent of People with Each Score

Your Score History

You have not taken this quiz since the last reset